Nucleus. English for Science and Technology. General Science Teacher's Manual : Expanded New Editions /

Gespeichert in:
Bibliographische Detailangaben
Hauptverfasser: Dudley-Evans, Tony (Verfasst von), Bates, Martin (Verfasst von)
Format: Buch
Sprache:Englisch
Veröffentlicht: Harlow : Longman Group UK, 1993
Ausgabe:10.Edition
Tags: Tag hinzufügen
Keine Tags, Fügen Sie das erste Tag hinzu!

MARC

LEADER 00000nam a22000003a 4500
001 stu23554
005 20150617225748.3
008 951030s1993----uk------------------eng-d
020 |a 0-582-74859-3 
040 |a STU  |b slo 
041 0 |a eng 
044 |a uk 
080 |a 802.0 
100 1 |a Dudley-Evans, Tony  |4 aut 
245 1 |a Nucleus. English for Science and Technology. General Science Teacher's Manual :  |b Expanded New Editions /  |c [aut.]Bates,Martin, Dudley-Evans,Tony 
250 |a 10.Edition 
260 |a Harlow :  |b Longman Group UK,  |c 1993 
300 |a 315 s :  |b Obr.,tab 
700 1 |a Bates, Martin  |4 aut 
996 |b C93845  |c C*93845  |l CCXVII  |s P  |a 0  |w stu23554_0001